History Quiz

Random History or Century Quiz

World Leaders by Century Quiz Stats

Quiz Updated Jan 5, 2015

Also try: Five World Leaders
Challenge
Share
Tweet
Embed
Score 0/24 Timer 06:00
2 Plays Today
% Correct
Barack Obama
98.8%
Winston Churchill
93%
Angela Merkel
92.5%
Abraham Lincoln
87.5%
Indira Gandhi
84.1%
George Washington
81.5%
Mao Zedong
81%
Simón Bolívar
62.6%
Henry VIII
60.3%
Dilma Rousseff
60.3%
Louis XVI
59%
Oliver Cromwell
57%
% Correct
Catherine the Great
56.5%
Cosimo de' Medici (The Elder)
39.8%
Robert the Bruce
39.6%
Ivan the Terrible
38.5%
Shaka Zulu
38.2%
Vlad the Impaler
34.1%
Gustavus Adolphus
30.1%
Hongwu Emperor
26.7%
Mehmed the Conqueror
24.2%
Mansa Musa
22.8%
Atahualpa
19%
Shah Jahan
15.2%

You're not logged in!

Compare scores with friends on all Sporcle quizzes.
Sign Up with Email
OR
Log In

You Might Also Like...

Show Comments

Extras

Top Quizzes Today


Score Distribution

Your Account Isn't Verified!

In order to create a playlist on Sporcle, you need to verify the email address you used during registration. Go to your Sporcle Settings to finish the process.